[Event "Angers op 10th"]
[Site "Angers"]
[Date "2015.04.26"]
[Round "5"]
[White "Sauvaget, Franck"]
[Black "Renouard, Ludovic"]
[Result "1/2-1/2"]
[WhiteElo "1940"]
[BlackElo "1781"]
[PlyCount "90"]
[EventDate "2015.04.24"]
[EventType "swiss"]
[EventRounds "6"]
[EventCountry "FRA"]
[SourceTitle "CBM 166 Extra"]
[Source "ChessBase"]
[SourceDate "2015.06.18"]
[SourceVersion "1"]
[SourceVersionDate "2015.06.18"]
[SourceQuality "1"]

1. Nf3 d6 2. c4 e5 3. Nc3 Nf6 4. g3 Nc6 5. Bg2 Be7 6. 0-0 0-0 7. d4 exd4 8. Nxd4 Ne5 9. b3 c5 10. Nc2 a6 11. h3 Rb8 12. a4 b6 13. e4 Bd7 14. Qe2 Nc6 15. Rd1 Ne8 16. Nd5 Bf6 17. Nxf6+ Qxf6 18. Rb1 Rd8 19. Bb2 Qh6 20. g4 g6 21. Rd2 Qf4 22. Rbd1 Ne5 23. Rd5 Nf6 24. Bc1 Nxd5 25. Bxf4 Nxf4 26. Qe3 Nxg2 27. Kxg2 Bc8 28. f4 Nc6 29. f5 f6 30. fxg6 hxg6 31. Qh6 Ne5 32. Ne3 Bb7 33. Nd5 Bxd5 34. Rxd5 Rf7 35. Kg3 g5 36. Rxe5 dxe5 37. Qg6+ Kf8 38. Qf5 Rd3+ 39. Kg2 Rxb3 40. Qe6 Rb2+ 41. Kf1 Rb3 42. Ke2 Kg7 43. h4 gxh4 44. g5 h3 45. gxf6+ Rxf6 1/2-1/2

[Event "Paris-ch op-A"]
[Site "Paris"]
[Date "2010.07.04"]
[Round "2"]
[White "Renouard, Ludovic"]
[Black "Bernabeu, Xavier"]
[Result "0-1"]
[WhiteElo "1877"]
[BlackElo "1975"]
[PlyCount "59"]
[EventDate "2010.07.03"]
[EventType "swiss"]
[EventRounds "9"]
[EventCountry "FRA"]
[SourceTitle "CBM 137 Extra"]
[Source "ChessBase"]
[SourceDate "2010.09.01"]
[SourceVersion "1"]
[SourceVersionDate "2010.09.01"]
[SourceQuality "1"]

1. e4 e6 2. d4 d5 3. Nc3 Bb4 4. exd5 exd5 5. Nf3 Bg4 6. Be2 Nf6 7. 0-0 0-0 8. h3 Bf5 9. Bg5 c6 10. Ne5 h6 11. Bh4 Qd6 12. g4 Bh7 13. f4 Bxc3 14. bxc3 Ne4 15. Be1 f6 16. Nd3 Nd7 17. Rf3 f5 18. Ne5 fxg4 19. hxg4 Ndf6 20. Rh3 Nd7 21. Qc1 Nxe5 22. fxe5 Qe6 23. Qd1 Rf4 24. Bg3 Nxc3 25. Qd2 Nxe2+ 26. Qxe2 Qxg4 27. Qxg4 Rxg4 28. c3 Bf5 29. Kh2 Re4 30. Re1 0-1

[Event "Paris-ch op-B"]
[Site "Paris"]
[Date "2009.07.09"]
[Round "6"]
[White "Renouard, Ludovic"]
[Black "Cambus, Patrick"]
[Result "1-0"]
[WhiteElo "1892"]
[BlackElo "1755"]
[PlyCount "81"]
[EventDate "2009.07.04"]
[EventType "swiss"]
[EventRounds "9"]
[EventCountry "FRA"]
[SourceTitle "EXT 2010"]
[Source "ChessBase"]
[SourceDate "2010.11.25"]
[SourceVersion "1"]
[SourceVersionDate "2010.11.25"]
[SourceQuality "1"]

1. c4 Nf6 2. Nf3 g6 3. g3 Bg7 4. Bg2 0-0 5. Nc3 d6 6. d4 Nbd7 7. 0-0 Rb8 8. a4 c5 9. d5 b6 10. Ra3 Ne5 11. Nxe5 dxe5 12. f4 Nd7 13. f5 Nf6 14. fxg6 hxg6 15. Bg5 Bf5 16. e4 Bg4 17. Qd2 Qd7 18. d6 Rbd8 19. dxe7 Qxd2 20. exf8Q+ Kxf8 21. Bxd2 Rxd2 22. Rb3 Be6 23. Nd5 Rxg2+ 24. Kxg2 Nxe4 25. Rd1 Bg4 26. Rdd3 Ng5 27. a5 e4 28. Re3 Bd4 29. axb6 axb6 30. Rxb6 Kg7 31. Rb7 Bh3+ 32. Kf2 Nf3 33. Ke2 Bf5 34. Rxf3 exf3+ 35. Kxf3 Bh3 36. Nf4 Bc8 37. Rc7 Bf5 38. h4 Bc2 39. Ne6+ Kf6 40. Nxd4 cxd4 41. Rd7 1-0

[Event "Paris-ch op-B"]
[Site "Paris"]
[Date "2009.07.08"]
[Round "5"]
[White "Joussim, Philippe"]
[Black "Renouard, Ludovic"]
[Result "1/2-1/2"]
[WhiteElo "1762"]
[BlackElo "1892"]
[PlyCount "77"]
[EventDate "2009.07.04"]
[EventType "swiss"]
[EventRounds "9"]
[EventCountry "FRA"]
[SourceTitle "EXT 2010"]
[Source "ChessBase"]
[SourceDate "2010.11.25"]
[SourceVersion "1"]
[SourceVersionDate "2010.11.25"]
[SourceQuality "1"]

1. d4 d5 2. c4 e6 3. Nc3 Nf6 4. cxd5 exd5 5. Bg5 Be7 6. e3 0-0 7. Bd3 b6 8. Nge2 Nbd7 9. 0-0 Bb7 10. Rc1 c5 11. Bb1 c4 12. Ng3 h6 13. Bxf6 Nxf6 14. Nf5 a6 15. Qf3 Bd6 16. a4 Re8 17. h4 Re6 18. Qe2 Bf8 19. h5 Bc6 20. g4 b5 21. axb5 axb5 22. f3 Be8 23. Qg2 g6 24. hxg6 fxg6 25. g5 hxg5 26. Qxg5 Nh5 27. Qg4 Rf6 28. Rf2 Bg7 29. Nxg7 Nxg7 30. Rh2 b4 31. Ne2 Bd7 32. Qg2 Raa6 33. Kf2 Bf5 34. Qh1 Rf8 35. Rh8+ Kf7 36. Rxf8+ Qxf8 37. e4 dxe4 38. fxe4 Bd7 39. Ke3 1/2-1/2